000 00403nam a2200181Ia 4500
005 20240823053610.0
008 240823s9999||||xx |||||||||||||| ||und||
041 _aENGLISH
082 _A050 N4
100 _aSarkar S
245 0 _aHindustan Year-Book 1994
250 _a1st
260 _c1994
_b"M C S,Calcutta"
500 _aYES
650 _aGeneral
_bGeneral
942 _cBK
999 _c224522
_d224522